| 000 | 01061pam a2200301 a 4500 | ||
|---|---|---|---|
| 001 | 2996405 | ||
| 003 | ARRUPE | ||
| 005 | 20131126143718.0 | ||
| 008 | 930305s1993 moua b 000 0aeng | ||
| 010 | _a 93018887 | ||
| 020 | _a1556126514 (hard cover : alk. paper) | ||
| 020 | _a1556126719 (pbk. : alk. paper) | ||
| 040 |
_aDLC _cDLC _dDLC |
||
| 043 | _an-us--- | ||
| 050 | 0 | 0 |
_aBX4705.L5435 _bA3 1993 |
| 082 | 0 | 0 | _22 |
| 100 | 1 |
_aLeonard, William J. _93988 |
|
| 245 | 1 | 4 |
_aThe letter carrier / _cWilliam J. Leonard. |
| 260 |
_aKansas City, MO : _bSheed & Ward, _cc1993. |
||
| 300 |
_avi, 373 p. : _bill. ; _c23 cm. |
||
| 504 | _aIncludes bibliographical references. | ||
| 600 | 1 | 0 |
_aLeonard, William J. _93989 |
| 610 | 2 | 0 |
_aCatholic Church _zUnited States _xClergy _xBiography. _93990 |
| 610 | 2 | 0 |
_aJesuits _zUnited States _xBiography. _93991 |
| 906 |
_a7 _bcbc _corignew _d1 _eocip _f19 _gy-gencatlg |
||
| 942 |
_2lcc _cMONOGRAPH |
||
| 999 |
_c118724 _d118724 |
||